| 000 | 01100nam a2200289Ia 4500 | ||
|---|---|---|---|
| 003 | OSt | ||
| 005 | 20210504153023.0 | ||
| 008 | 210310s2008 ck gr 000 0 spa d | ||
| 020 | _a9789586396097 | ||
| 040 |
_aCO-JMCR _cCO-JMCR |
||
| 041 | 1 |
_aspa _heng |
|
| 082 | 0 | 4 |
_a330.9 / _bS675e _223 |
| 100 | 1 |
_aSorman, Guy, _eautor _926032 |
|
| 245 | 1 | 3 |
_aLa economía no miente / _cGuy Sorman ; traducción de Alcira Bixio |
| 250 | _aPrimera edición | ||
| 260 |
_aBogotá : _bSudamericana, _c2008. |
||
| 300 |
_a314 páginas ; _c 23 cm |
||
| 504 | _aBibliografía : páginas 299-307. | ||
| 505 | 0 | _aLa nueva economía. -- El laboratorio estadounidense. -- La convergencia de las naciones. -- Salir del Socialismo. -- Las decadencias. | |
| 520 | 0 | _aLa economía es una ciencia y su objetivo es distinguir entre las buenas y las malas políticas. | |
| 650 | 1 | 4 |
_aEconomía internacional. _926034 |
| 650 | 2 | 4 |
_aGlobalización. _937424 |
| 650 | 2 | 4 |
_aEstrategia del desarrollo. _92266 |
| 650 | 2 | 4 |
_aCrecimiento económico _93636 |
| 700 | 1 |
_aBixio, Alcira, _etraductora _937425 |
|
| 942 |
_2ddc _cBK |
||
| 999 |
_c11632 _d11632 |
||